[Event "Saint Affrique op 22nd"]
[Site "Saint Affrique"]
[Date "2014.07.21"]
[Round "3"]
[White "Guerzeder, Thomas"]
[Black "Alfonso, Jonathan"]
[Result "1-0"]
[WhiteElo "1652"]
[BlackElo "1099"]
[PlyCount "81"]
[EventDate "2014.07.19"]
[EventType "swiss"]
[EventRounds "9"]
[EventCountry "FRA"]
[SourceTitle "CBM 161 Extra"]
[Source "ChessBase"]
[SourceDate "2014.08.29"]
[SourceVersion "1"]
[SourceVersionDate "2014.08.29"]
[SourceQuality "1"]

1. d4 d5 2. Nf3 Nc6 3. g3 Nf6 4. Bg2 e6 5. 0-0 Bd6 6. Bg5 0-0 7. c4 e5 8. dxe5 Bxe5 9. Nxe5 Nxe5 10. cxd5 Bg4 11. f3 Bf5 12. e4 Bg6 13. Nc3 h6 14. Bf4 Qd6 15. Qd4 Rae8 16. Rac1 c5 17. Qa4 a6 18. Qd1 b5 19. Bxe5 Rxe5 20. f4 Re7 21. e5 Qb6 22. exf6 Qxf6 23. Re1 Rxe1+ 24. Qxe1 Qd4+ 25. Qf2 Qxf2+ 26. Kxf2 Re8 27. Re1 Rd8 28. Ne4 f6 29. Nxc5 Rd6 30. Re6 Rd8 31. Rxa6 Bf7 32. d6 b4 33. Nb7 Rd7 34. Bc6 Bc4 35. Ra8+ Kh7 36. Bxd7 Bd5 37. Bf5+ g6 38. d7 Bxb7 39. Rb8 Bc6 40. d8Q gxf5 41. Qg8# 1-0